| 000 | 01221cam a2200373 a 4500 | ||
|---|---|---|---|
| 001 | 12790262 | ||
| 003 | OSt | ||
| 005 | 20140310181743.0 | ||
| 008 | 011006s2001 ph a b f001 0 eng | ||
| 010 | _a 2001360428 | ||
| 020 | _a9715423019 | ||
| 035 | _a(DLC) 2001360428 | ||
| 037 |
_bLibrary of Congress -- Jakarta Overseas Office _cP300.00 |
||
| 040 |
_aDLC _cDLC _dDLC |
||
| 042 | _alcode | ||
| 043 | _aa-ph--- | ||
| 050 | 0 | 0 |
_aHQ 680 _b.M491 2001 |
| 082 |
_bM491 2001 _aFIL 306.85599 |
||
| 100 | 1 |
_aMedina, Belen T. G. _q(Belen Tan-Gatue) |
|
| 245 | 1 | 4 |
_aThe Filipino family _cMedina, Belen T.G. |
| 250 | _a2nd ed. | ||
| 260 |
_aDiliman, Quezon City _bUniversity of the Philippines Press _c2001 |
||
| 300 |
_axv, 307 p. _bill. _c23 cm. |
||
| 504 | _aIncludes bibliographical references and index. | ||
| 521 | _aCollege Students | ||
| 526 | _c1210L to 1700L | ||
| 541 | _j1 | ||
| 562 | _eFor circulation. 1 copy available in the collection | ||
| 650 | 0 |
_aFamilies _zPhilippines. |
|
| 650 | 0 |
_aMarriage _zPhilippines. |
|
| 906 |
_a7 _bcbc _corigode _d3 _encip _f20 _gy-gencatlg |
||
| 942 |
_2lcc _cBK-FIL _kFIL |
||
| 999 |
_c2860 _d2860 |
||